Wszystkie pólwysepy w Europie - Statystyki

Ogólne statystyki
  • Ten quiz został rozwiązany 118 razy
  • Średni wynik to 4 z 5
Statystyki odpowiedzi
PÓŁWYSEP % Poprawnych
Półwysep Iberyjski
88%
Półwysep Bałkański
87%
Półwysep Skandynawski
81%
Półwysep Apeniński
77%
Półwysep Krymski
35%
Nie znaleziono quizów pasujących do podanych kryteriów
Rozkład punktacji
Procent ludzi z każdym wynikiem
Percentyl według liczby udzielonych odpowiedzi
Twoja historia wyników
Nie rozwiązałeś tego quizu